Library of the University of Algiers 3
Ibrahim Sultan Cheibout
شعار جامعة الجزائر 3
مكتبة جامعة الجزائر 3
إبراهيم سلطان شيبوط

مدخل إلى علم الاقتصاد / (رقم التسجيلة. 41442)

تفاصيل مارك
000 -LEADER
fixed length control field 01967nam a2200217Ia 4500
003 - CONTROL NUMBER IDENTIFIER
control field Ost
005 - DATE AND TIME OF LATEST TRANSACTION
control field 20260416102401.0
008 - FIXED-LENGTH DATA ELEMENTS--GENERAL INFORMATION
fixed length control field 260416s9999||||xx |||||||||||||| ||und||
040 ## - CATALOGING SOURCE
Transcribing agency fsecg
041 ## - LANGUAGE CODE
Language code of text/sound track or separate title ara
082 ## - DEWEY DECIMAL CLASSIFICATION NUMBER
Classification number 330
100 ## - MAIN ENTRY--PERSONAL NAME
Personal name بن العامر، نعيمة
Relator term مؤلف
245 #0 - TITLE STATEMENT
Title مدخل إلى علم الاقتصاد /
Statement of responsibility, etc. نعيمة بن العامر
260 ## - PUBLICATION, DISTRIBUTION, ETC.
Place of publication, distribution, etc. الجزائر
Name of publisher, distributor, etc. جامعة الجزائر3: كلية العلوم الإقتصادية، العلوم التجارية وعلوم التسيير
Date of publication, distribution, etc. 2023
300 ## - PHYSICAL DESCRIPTION
Extent 101 ورقة
Dimensions 12 سم
504 ## - BIBLIOGRAPHY, ETC. NOTE
Bibliography, etc. note المراجع ص.98
520 ## - SUMMARY, ETC.
Summary, etc. تهدف هذه المطبوعة الى تمكين الطالب من استيعاب مدخل لعلم الاقتصاد والتدرب على مواضيعه الأساسية ومصطلحات المسائل الاقتصادية الهامة. من خلال التعرف على علم الاقتصاد وموضوعاته ومصطلحات المسائل الاقتصادية وعلاقته بالاقتصاد السياسي وبمختلف العلوم الأخرى. وتحديد مفهوم المشكلة الاقتصادية وطرق معالجتها. كذلك التعرف على عناصر الإنتاج وعلى أهم الأنشطة الاقتصادية. والتعرف على الأعوان الاقتصاديين وعلى المؤسسة الاقتصادية. بالاضافة الى التعرف على السوق والنقود.وتمكين الطالب للتعرف على مشكل التضخم والبطالة والسياسات الاقتصادية لمواجهتهما. والتعرف على أهم المؤسسات الاقتصادية الدولية والتكتلات الاقتصادية الجهوية.
653 ## - INDEX TERM--UNCONTROLLED
Uncontrolled term علم الإقتصاد
710 ## - ADDED ENTRY--CORPORATE NAME
Corporate name or jurisdiction name as entry element جامعة الجزائر3: كلية العلوم الإقتصادية، العلوم التجارية وعلوم التسيير
Relator term ناشر علمي
942 ## - ADDED ENTRY ELEMENTS (KOHA)
Koha item type مطبوعات
المقتنيات
Withdrawn status Lost status Source of classification or shelving scheme Damaged status Not for loan Home library Current library Date acquired Serial enumeration / chronology Inventory number Total checkouts Full call number Barcode Date last seen Price effective from Koha item type
    Dewey Decimal Classification   NOT LOAN / إعارة داخلية مكتبة كلية العلوم الإقتصادية والعلوم التجارية وعلوم التسيير مكتبة كلية العلوم الإقتصادية والعلوم التجارية وعلوم التسيير 16/04/2026 الطابق الثاني مط.877-1   مط.877 ن1 مط.877-1 16/04/2026 16/04/2026 مطبوعات

موارد الويب المفتوحة


© University of Algiers 3 All Rights Reserved
|
Implemented by LECHELAH Riad